ბათუმის შოთა რუსთაველის სახელმწიფო უნივერსიტეტის ბიბლიოთეკა

Writing your journal article in twelve weeks : (ბიბ.ჩანაწერი № 58226)

000 -LEADER
fixed length control field 01012cam a2200241 i 4500
001 - CONTROL NUMBER
control field 20765942
005 - DATE AND TIME OF LATEST TRANSACTION
control field 20221107165426.0
008 - FIXED-LENGTH DATA ELEMENTS--GENERAL INFORMATION
fixed length control field 181130s2019 ilu b 001 0 eng c
020 ## - INTERNATIONAL STANDARD BOOK NUMBER
International Standard Book Number 9780226499918 X
041 ## - LANGUAGE CODE
Language code of text/sound track or separate title eng
080 ## - UNIVERSAL DECIMAL CLASSIFICATION NUMBER
Universal Decimal Classification number 378+001 B-41
100 1# - MAIN ENTRY--PERSONAL NAME
Personal name Belcher, Wendy Laura
9 (RLIN) 12516
245 10 - TITLE STATEMENT
Title Writing your journal article in twelve weeks :
Remainder of title a guide to academic publishing success /
Statement of responsibility, etc. Wendy Laura Belcher.
250 ## - EDITION STATEMENT
Edition statement Second edition.
264 #1 - PRODUCTION, PUBLICATION, DISTRIBUTION, MANUFACTURE, AND COPYRIGHT NOTICE
Place of production, publication, distribution, manufacture London :
Name of producer, publisher, distributor, manufacturer The University of Chicago Press,
Date of production, publication, distribution, manufacture, or copyright notice 2019.
300 ## - PHYSICAL DESCRIPTION
Extent 430 pages ;
Dimensions 28 cm.
504 ## - BIBLIOGRAPHY, ETC. NOTE
Bibliography, etc. note Includes bibliographical references (pages 401-417) and index.
653 ## - INDEX TERM--UNCONTROLLED
keyword აკადემიური გამოცემის სახელმძღვანელო
653 ## - INDEX TERM--UNCONTROLLED
keyword მეცნიერული გამოცემა
830 #0 - SERIES ADDED ENTRY--UNIFORM TITLE
Uniform title Chicago guides to writing, editing, and publishing.
9 (RLIN) 12517
942 ## - ADDED ENTRY ELEMENTS (KOHA)
Source of classification or shelving scheme
Koha item type წიგნი
ეგზემპლარები
Withdrawn status Lost status Source of classification or shelving scheme Damaged status Not for loan Permanent Location Current Location Shelving location Date acquired Cost, normal purchase price Full call number Barcode Date last seen Copy number Price effective from Koha item type Public note
          ბათუმის შოთა რუსთაველის სახელმწიფო უნივერსიტეტის მთავარი ბიბლიოთეკა ბათუმის შოთა რუსთაველის სახელმწიფო უნივერსიტეტის მთავარი ბიბლიოთეკა წიგნსაცავი 2021-09-22 111.00 378+001 B-41 61716 2021-09-22 61716 2021-09-22 წიგნი 111 ლ.
          ბათუმის შოთა რუსთაველის სახელმწიფო უნივერსიტეტის მთავარი ბიბლიოთეკა ბათუმის შოთა რუსთაველის სახელმწიფო უნივერსიტეტის მთავარი ბიბლიოთეკა წიგნსაცავი 2021-09-22 111.00 378+001 B-41 61717 2021-09-22 61717 2021-09-22 წიგნი 111 ლ.
          ბათუმის შოთა რუსთაველის სახელმწიფო უნივერსიტეტის მთავარი ბიბლიოთეკა ბათუმის შოთა რუსთაველის სახელმწიფო უნივერსიტეტის მთავარი ბიბლიოთეკა წიგნსაცავი 2022-07-13 201.00 378+001 B-41 62981 2022-07-13 62981 2022-07-13 წიგნი 201 gel.